[Event "Moscow PCA-GP  blitz"]
[Site "Moscow"]
[Date "1996.??.??"]
[Round "4.4"]
[White "Kramnik, Vladimir"]
[Black "Kasparov, Gary"]
[Result "1/2-1/2"]
[WhiteElo "2775"]
[BlackElo "2775"]

1.e4 g6 2.d4 Bg7 3.Nf3 d6 4.Be2 Nf6 5.Nc3 O-O 6.O-O c6 7.h3 Nbd7 8.Bf4 Qa5
9.Qd2 e5 10.dxe5 dxe5 11.Bh6 Re8 12.Bxg7 Kxg7 13.a3 Qc7 14.Nh2 Nf8 15.Ng4 Nxg4
16.Bxg4 Bxg4 17.hxg4 Ne6 18.Ne2 Rad8 19.Qc3 Nd4 20.Rfe1 h6 21.Nxd4 exd4 22.Qf3 Qe5
23.Rad1 c5 24.b3 Re6 25.g3 b5 26.Qd3 a6 27.Kg2 Qc7 28.c4 Qc6 29.Rc1 Rde8
30.cxb5 axb5 31.b4 c4 32.Qxd4+ Kg8 33.f3 Rd6 34.Qe3 Red8 35.Re2 Rd3 36.Qxh6 Qf6
37.Rf2 Rxa3 38.Rh1 Qg7 39.Qg5 Rad3 40.Qxb5 c3 41.Rc1 Rd2 42.Rc2 Rxc2 43.Rxc2 Rd2+
44.Rxd2 cxd2 45.Qe8+ Qf8 46.Qd7 Qxb4 47.Kf2  1/2-1/2

[Event "BRA sim"]
[Site "Rio de Janiero"]
[Date "1996.??.??"]
[Round "3"]
[White "Kasparov, Gary"]
[Black "Vescovi, Giovanni"]
[Result "1-0"]
[WhiteElo "2775"]
[BlackElo "2475"]

1.Nf3 Nf6 2.c4 g6 3.Nc3 Bg7 4.e4 d6 5.d4 O-O 6.Be2 e5 7.d5 Nbd7 8.Be3 Ng4
9.Bg5 f6 10.Bh4 h5 11.h3 Nh6 12.Nd2 g5 13.Bg3 f5 14.Bxh5 f4 15.Bh2 Nf6 16.Bf3 c6
17.Bg1 cxd5 18.cxd5 Bd7 19.Be2 a6 20.f3 Nh5 21.Bf2 Ng3 22.Rg1 b5 23.Bd3 Qb8
24.Ne2 Nh5 25.b4 a5 26.a3 a4 27.Rc1 Bf6 28.Nf1 Bd8 29.Qd2 Nf7 30.Nc3 Qb7
31.Rc2 Rb8 32.Nh2 Ng3 33.Kd1 Kg7 34.Kc1 Bb6 35.Bxb6 Qxb6 36.Qf2 Qd4 37.Qxd4 exd4
38.Ne2 Ne5 39.Rd1 Nxd3+ 40.Rxd3 Nxe2+ 41.Rxe2 Rbc8+ 42.Rc2 Rxc2+ 43.Kxc2 Rc8+
44.Kb2 Rc4 45.Nf1 Kf6 46.Nd2 Ke5 47.Nxc4+ bxc4 48.Rd1 Bb5  1-0

[Event "BRA sim"]
[Site "Rio de Janiero"]
[Date "1996.??.??"]
[Round "5"]
[White "Kasparov, Gary"]
[Black "Miranda, Marcio MC"]
[Result "1-0"]
[WhiteElo "2775"]
[BlackElo "2305"]

1.e4 c5 2.Nf3 Nc6 3.Bb5 g6 4.Bxc6 dxc6 5.h3 Nf6 6.d3 Bg7 7.Nc3 O-O 8.Be3 c4
9.O-O cxd3 10.cxd3 Qa5 11.d4 Be6 12.Qc2 h6 13.a3 Rfd8 14.b4 Qh5 15.Ne2 Qb5
16.Nf4 Qc4 17.Qb1 Qb3 18.e5 Ne8 19.Nxe6 Qxe6 20.b5 Rac8 21.bxc6 Qxc6 22.Qb4 Qd7
23.Rfd1 b6 24.d5 Nc7 25.d6 exd6 26.Rxd6 Qe8 27.Rad1 Ne6 28.Qh4 Qf8 29.a4 Rxd6
30.exd6 Rd8 31.d7 g5 32.Qe4 Qe7 33.Qb7 Nf8 34.Qxa7 Rxd7 35.Rxd7 Qxd7 36.Qxd7 Nxd7
37.Nd2 Be5 38.Nc4 Bc7 39.g4 f6 40.Kg2 Kf7 41.Kf3 Ke6 42.Ke4 h5 43.gxh5 f5+
44.Kd3 f4 45.Bd4 Kf5 46.f3  1-0

[Event "Yerevan ol (Men)"]
[Site "Yerevan"]
[Date "1996.??.??"]
[Round "3"]
[White "Kasparov, Gary"]
[Black "Lautier, Joel"]
[Result "1/2-1/2"]
[WhiteElo "2785"]
[BlackElo "2620"]

1.d4 Nf6 2.c4 e6 3.Nf3 b6 4.g3 Ba6 5.b3 Bb4+ 6.Bd2 Be7 7.Bg2 c6 8.Bc3 d5
9.Nbd2 Nbd7 10.O-O O-O 11.Re1 c5 12.e4 dxc4 13.Nxc4 Bb7 14.e5 Nd5 15.Bd2 Rc8
16.Qe2 b5 17.Na5 Ba8 18.Qxb5 cxd4 19.Nxd4 Rc5 20.Qa6 Nc7 21.Qe2 Bxg2 22.Kxg2 Nxe5
23.b4 Rd5 24.Bc3 Qa8 25.Kg1 Bf6  1/2-1/2

[Event "Yerevan ol (Men)"]
[Site "Yerevan"]
[Date "1996.??.??"]
[Round "4"]
[White "Jussupow, Artur"]
[Black "Kasparov, Gary"]
[Result "1/2-1/2"]
[WhiteElo "2665"]
[BlackElo "2785"]

1.d4 Nf6 2.c4 g6 3.Nc3 Bg7 4.e4 d6 5.Nf3 O-O 6.Be2 e5 7.O-O Nc6 8.d5 Ne7
9.Ne1 Nd7 10.Be3 f5 11.f3 f4 12.Bf2 g5 13.a4 a5 14.Nd3 b6 15.b4 axb4 16.Nxb4 Nf6
17.Ra3 Bd7 18.Nb5 Kh8 19.Be1 Rg8 20.g4 fxg3 21.hxg3 g4 22.Kg2 gxf3+ 23.Bxf3 Bh6
24.Rh1 Bg5 25.Nd3 Ng6 26.Nf2 Qc8 27.Kf1 Rf8 28.Kg2 Rg8 29.Kf1 Rg7 30.Ke2 Rf7
31.Bd2 Bxd2  1/2-1/2

[Event "Yerevan ol (Men)"]
[Site "Yerevan"]
[Date "1996.??.??"]
[Round "9"]
[White "Topalov, Veselin"]
[Black "Kasparov, Gary"]
[Result "0-1"]
[WhiteElo "2750"]
[BlackElo "2785"]

1.e4 c5 2.Nf3 d6 3.d4 cxd4 4.Nxd4 Nf6 5.Nc3 a6 6.Be2 e6 7.a4 Nc6 8.O-O Be7
9.Be3 O-O 10.f4 Qc7 11.Kh1 Re8 12.Bf3 Rb8 13.g4 Nxd4 14.Bxd4 e5 15.fxe5 dxe5
16.Ba7 Ra8 17.g5 Rd8 18.Qe2 Ne8 19.Be3 Be6 20.Qf2 Qc4 21.Bb6 Rdc8 22.Be3 Bc5
23.Rad1 Bxe3 24.Qxe3 Qb4 25.Rd3 Rd8 26.b3 Rd4 27.Rfd1 Rc8 28.R1d2 Qc5 29.Kg2 b5
30.axb5 axb5 31.Nd1 Rxd3 32.Qxd3 f6 33.gxf6 Nxf6 34.Ne3 Kh8 35.c4 bxc4 36.Nxc4 h6
37.Rc2 Qb5 38.Rc1 Qc5 39.Rc2 Qb5 40.Rc1 Qb4 41.Qc3 Qe7 42.Qe3 Nd7 43.Be2 Rb8
44.Nd2 Nf8 45.Kh1 Ng6 46.Nc4 Bg8 47.Rf1 Qc7 48.Qg3 Bh7 49.Rf2 Nf4 50.Qe3 Bg8
51.Bf1 Rf8 52.Nd2 Qc1 53.Nc4 Qa1 54.Qc5 Ne6 55.Qe3 Nf4 56.Qc5 Re8 57.Qe3 Bxc4
58.bxc4 Rd8 59.Qf3 Qe1 60.Qg3 Rd1 61.h4 Rd3 62.Qg1 Qxe4+ 63.Kh2 Qe3  0-1

[Event "Yerevan ol (Men)"]
[Site "Yerevan"]
[Date "1996.??.??"]
[Round "12"]
[White "Smirin, Ilia"]
[Black "Kasparov, Gary"]
[Result "0-1"]
[WhiteElo "2625"]
[BlackElo "2785"]

1.e4 c5 2.Nf3 d6 3.d4 cxd4 4.Nxd4 Nf6 5.Nc3 a6 6.Be3 Ng4 7.Bg5 h6 8.Bh4 g5
9.Bg3 Bg7 10.Be2 h5 11.Bxg4 Bxg4 12.f3 Bd7 13.Bf2 Nc6 14.Nd5 Rb8 15.O-O e6
16.Nxc6 bxc6 17.Ne3 d5 18.Rb1 O-O 19.c4 d4 20.Nc2 e5 21.Ne1 f5 22.Nd3 g4
23.Nc5 gxf3 24.Qxf3 fxe4 25.Qxh5 Qe8 26.Qg5 Rf5 27.Qd2 e3 28.Bxe3 Rxf1+ 29.Rxf1 dxe3
30.Qxd7 Qxd7 31.Nxd7 Rxb2 32.Nf6+ Bxf6 33.Rxf6 Rxa2 34.Rf1 a5 35.Re1 e2 36.Kf2 a4
37.Rb1 a3 38.Rb8+ Kf7 39.Ra8 Ra1 40.Kxe2 a2  0-1

[Event "Tilburg Fontys"]
[Site "Tilburg"]
[Date "1997.09.06"]
[Round "7"]
[White "Svidler, Peter"]
[Black "Kasparov, Gary"]
[Result "1-0"]
[WhiteElo "2660"]
[BlackElo "2820"]

1.e4 c5 2.Nf3 d6 3.c3 Nf6 4.Be2 Nbd7 5.d3 b6 6.O-O Bb7 7.Nbd2 g6 8.d4 cxd4
9.cxd4 Nxe4 10.Nxe4 Bxe4 11.Ng5 d5 12.Bb5 Bg7 13.f3 Bf5 14.g4 h6 15.gxf5 hxg5
16.fxg6 a6 17.gxf7+ Kxf7 18.Ba4 Rh5 19.Be3 Nf6 20.Qd2 Qd6 21.Rf2 Rah8 22.Rg2 Rh3
23.Rf1 R8h4 24.Bc2 Nh5 25.Bf5 Nf4 26.Bxh3 Nxh3+ 27.Kh1 Qf6 28.Rg3 Qf5 29.Bxg5 Nxg5
30.Rxg5 Qh3 31.Rg2 Bf6 32.Qd3 Rxd4 33.Qg6+ Ke6 34.Qe8 Rc4 35.Qd8 Qf5 36.Re1+ Be5
37.Qb8  1-0

[Event "Tilburg Fontys"]
[Site "Tilburg"]
[Date "1997.09.27"]
[Round "1"]
[White "Van Wely, Loek"]
[Black "Kasparov, Gary"]
[Result "0-1"]
[WhiteElo "2655"]
[BlackElo "2820"]

1.c4 e5 2.Nc3 Nc6 3.e3 Nf6 4.a3 g6 5.b4 Bg7 6.Bb2 O-O 7.d3 Re8 8.Qc2 d5 9.cxd5 Nxd5
10.Nxd5 Qxd5 11.Ne2 f5 12.Nc3 Qf7 13.Na4 Be6 14.Nc5 Bd5 15.b5 Nd4 16.exd4 exd4+
17.Be2 Bxg2 18.O-O-O Bxh1 19.Rxh1 Qd5 20.Re1 Re5 21.Qb3 Qxb3 22.Nxb3 Rae8
23.Kd1 Rxb5 24.Bf3 Rxe1+ 25.Kxe1 c6 26.Bd1 a5 27.Bxd4 a4 28.Bxg7 Kxg7 29.Nd2 Re5+
30.Be2 b5 31.Kd1 Rd5 32.Kc2 g5 33.Bf3 Rd6 34.h3 Kg6 35.Nb1 h5 36.Nc3 g4 37.Bg2 Kf6
38.hxg4 hxg4 39.d4 Kg5 40.Kd3 Rh6 41.Ke2 f4 42.Be4 Rh3 43.Kd2 Rh2 44.Ke1 g3
45.fxg3 fxg3 46.Kf1 Rf2+ 47.Kg1 b4 48.axb4 a3 49.d5 Kf4 50.Bg6 cxd5 51.Nxd5+ Kg5  0-1

[Event "Tilburg Fontys"]
[Site "Tilburg"]
[Date "1997.09.29"]
[Round "3"]
[White "Shaked, Tal"]
[Black "Kasparov, Gary"]
[Result "0-1"]
[WhiteElo "2500"]
[BlackElo "2820"]

1.d4 Nf6 2.c4 g6 3.Nc3 d5 4.cxd5 Nxd5 5.e4 Nxc3 6.bxc3 Bg7 7.Be3 c5 8.Qd2 Qa5
9.Rb1 b6 10.Bb5+ Bd7 11.Be2 Bc6 12.Bd3 Nd7 13.Ne2 Rd8 14.f3 O-O 15.h4 h5
16.Bg5 Rfe8 17.Rc1 Bb7 18.d5 Ne5 19.Bb1 Nc4 20.Qf4 Be5  0-1

[Event "Tilburg Fontys"]
[Site "Tilburg"]
[Date "1997.10.02"]
[Round "5"]
[White "Shirov, Alexei"]
[Black "Kasparov, Gary"]
[Result "0-1"]
[WhiteElo "2700"]
[BlackElo "2820"]

1.e4 c5 2.Nf3 d6 3.d4 cxd4 4.Nxd4 Nf6 5.Nc3 a6 6.Be3 e5 7.Nb3 Be6 8.f3 Be7
9.Qd2 Nbd7 10.g4 h6 11.O-O-O b5 12.h4 Nb6 13.Kb1 b4 14.Bxb6 Qxb6 15.Nd5 Bxd5
16.exd5 a5 17.Qd3 O-O 18.Nd2 a4 19.Ne4 Rfc8 20.Nxf6+ Bxf6 21.Qe4 Qc5 22.Bd3 Kf8
23.g5 hxg5 24.hxg5 Bxg5 25.Qf5 Bh6 26.Rh4 Ke7 27.Rc4 Qxc4 28.Bxc4 Rxc4 29.Qd3 Rac8
30.Re1 Bf4 31.Re4 Rxe4 32.fxe4 g5 33.a3 bxa3 34.Qa6 Rd8 35.Qb6 g4 36.c4 g3
37.c5 g2 38.cxd6+ Rxd6 39.Qc7+ Kf6 40.Qxd6+ Kg7  0-1

[Event "Tilburg Fontys"]
[Site "Tilburg"]
[Date "1997.10.07"]
[Round "9"]
[White "Adams, Michael"]
[Black "Kasparov, Gary"]
[Result "1/2-1/2"]
[WhiteElo "2680"]
[BlackElo "2820"]

1.e4 c5 2.Nc3 e6 3.Nf3 a6 4.g3 b5 5.Bg2 Bb7 6.d4 cxd4 7.Nxd4 b4 8.Na4 Nf6
9.Bg5 Qa5 10.Bxf6 gxf6 11.c3 Nc6 12.O-O Bg7 13.cxb4 Qxb4 14.Ne2 Bh6 15.f4 O-O
16.Rc1 a5 17.a3 Qe7 18.Nc5 Ba6 19.Rf2 Ra7 20.Nxa6 Rxa6 21.Nc3 Rb8 22.Rd2 Ra7
23.a4 Rb4 24.Na2 Rb8 25.Nc3 Rb4 26.Na2 Rb8 27.Nc3  1/2-1/2

[Event "Tilburg Fontys"]
[Site "Tilburg"]
[Date "1997.10.09"]
[Round "11"]
[White "Lautier, Joel"]
[Black "Kasparov, Gary"]
[Result "1/2-1/2"]
[WhiteElo "2660"]
[BlackElo "2820"]

1.c4 c5 2.Nf3 Nf6 3.Nc3 d5 4.cxd5 Nxd5 5.e4 Nb4 6.Bb5+ N8c6 7.d4 cxd4 8.a3 dxc3
9.Qxd8+ Kxd8 10.axb4 cxb2 11.Bxb2 e6 12.O-O Bd7 13.Bxc6 Bxc6 14.Ne5 Ke8 15.Nxc6 bxc6
16.Ra4 f6 17.Rfa1 Kf7 18.Rxa7+ Rxa7 19.Rxa7+ Be7 20.Rc7  1/2-1/2

[Event "Buenos Aires sim"]
[Site "Buenos Aires"]
[Date "1997.??.??"]
[Round "1"]
[White "Sorin, Ariel"]
[Black "Kasparov, Gary"]
[Result "0-1"]
[WhiteElo "2460"]
[BlackElo "2820"]

1.d4 Nf6 2.c4 g6 3.Nc3 d5 4.Nf3 Bg7 5.Bg5 Ne4 6.Bh4 Nxc3 7.bxc3 dxc4 8.e3 b5
9.a4 c6 10.Be2 a6 11.Nd2 O-O 12.Bf3 Ra7 13.O-O Bf5 14.Re1 Bd3 15.Nb3 Bf5
16.Nd2 Bd3 17.g4 Rc7 18.Nb3 cxb3 19.Qxd3 c5 20.Bg3 e5 21.axb5 c4 22.Qe4 axb5
23.Ra8 Qe7 24.dxe5 Nd7 25.e6 Nc5 26.exf7+ Qxf7 27.Rxf8+ Bxf8 28.Qa8 Ra7 29.Qc6 Ra6
30.Qd5 b2  0-1

[Event "Buenos Aires sim"]
[Site "Buenos Aires"]
[Date "1997.??.??"]
[Round "1"]
[White "Kasparov, Gary"]
[Black "Spangenberg, Hugo"]
[Result "1-0"]
[WhiteElo "2820"]
[BlackElo "2565"]

1.d4 d5 2.Nf3 Nf6 3.c4 dxc4 4.e3 e6 5.Bxc4 c5 6.O-O a6 7.Bb3 Nc6 8.Nc3 Be7
9.Qe2 O-O 10.Rd1 cxd4 11.Nxd4 Nxd4 12.exd4 Nd5 13.Qf3 Nxc3 14.bxc3 Qc7 15.c4 Bd6
16.c5 Be7 17.Bf4 Qd7 18.Rac1 Qc6 19.d5 exd5 20.Bxd5 Qg6 21.h3 Ra7 22.Qe3 Bf6
23.c6 bxc6 24.Be4 Bf5 25.Bxf5 Qxf5 26.g4  1-0

[Event "Buenos Aires sim"]
[Site "Buenos Aires"]
[Date "1997.??.??"]
[Round "2"]
[White "Panno, Oscar"]
[Black "Kasparov, Gary"]
[Result "1/2-1/2"]
[WhiteElo "2450"]
[BlackElo "2820"]

1.Nf3 c5 2.c4 Nc6 3.d4 cxd4 4.Nxd4 e6 5.Nc3 Nf6 6.a3 Be7 7.e4 O-O 8.Be2 d5
9.exd5 exd5 10.O-O Nxd4 11.Qxd4 Be6 12.cxd5 Nxd5 13.Nxd5 Qxd5 14.Be3 Bf6
15.Qxd5 Bxd5  1/2-1/2

[Event "Buenos Aires sim"]
[Site "Buenos Aires"]
[Date "1997.??.??"]
[Round "2"]
[White "Kasparov, Gary"]
[Black "Zarnicki, Pablo"]
[Result "1-0"]
[WhiteElo "2820"]
[BlackElo "2550"]

1.d4 Nf6 2.c4 e6 3.Nf3 b6 4.g3 Ba6 5.b3 Bb4+ 6.Bd2 Be7 7.Bg2 c6 8.Bc3 d5
9.Nbd2 Nbd7 10.O-O O-O 11.Re1 c5 12.e4 dxc4 13.Nxc4 Bb7 14.e5 Nd5 15.Bd2 Rc8
16.a4 a6 17.Qe2 Ba8 18.Rac1 cxd4 19.Nxd4 Nc5 20.Red1 Qd7 21.h4 h6 22.Qg4 Kh7
23.Qh5 f5 24.Bg5 Ne4 25.Nxb6 Nxb6 26.Nxf5 Rxf5 27.Rxd7 Rxc1+ 28.Bxc1 Rxh5
29.Rxe7 Nc5 30.Bxa8 Nxa8 31.Be3 Rxe5 32.Bd4 Rd5 33.Rxg7+ Kh8 34.Rd7+ Rxd4
35.Rxd4 Nb6 36.Rd6 Nd5 37.Rc6 Nxb3 38.Rxe6  1-0

[Event "Buenos Aires sim"]
[Site "Buenos Aires"]
[Date "1997.??.??"]
[Round "2"]
[White "Kasparov, Gary"]
[Black "Ricardi, Pablo"]
[Result "1-0"]
[WhiteElo "2820"]
[BlackElo "2575"]

1.e4 c5 2.Nf3 d6 3.d4 cxd4 4.Nxd4 Nf6 5.Nc3 a6 6.Be3 e5 7.Nb3 Be7 8.f3 Be6
9.Qd2 O-O 10.O-O-O b5 11.g4 b4 12.Na4 d5 13.Bc5 d4 14.Qxb4 Nc6 15.Bxe7 Qe8
16.Qa3 Nxe7 17.Nbc5 Ng6 18.c3 Nd7 19.cxd4 exd4 20.Kb1 Nxc5 21.Nxc5 Qc6 22.Nxe6 fxe6
23.Rxd4 Ne5 24.Be2 Rac8 25.Rd2 Rf7 26.Qxa6 Nxf3 27.Rd8+  1-0

[Event "Buenos Aires sim"]
[Site "Buenos Aires"]
[Date "1997.??.??"]
[Round "2"]
[White "Kasparov, Gary"]
[Black "Sorin, Ariel"]
[Result "1-0"]
[WhiteElo "2820"]
[BlackElo "2460"]

1.e4 e5 2.Nf3 Nc6 3.d4 exd4 4.Nxd4 Bc5 5.Be3 Qf6 6.c3 Nge7 7.Bc4 O-O 8.O-O Ne5
9.Be2 Qg6 10.Nd2 d6 11.Bh5 Qf6 12.f4 N5c6 13.Kh1 Nxd4 14.cxd4 Bb6 15.Nc4 d5
16.e5 Qe6 17.Nxb6 axb6 18.Bf3 f5 19.Qb3 Bd7 20.Rfc1 Bc6 21.Bd2 Ng6 22.Qe3 Rfe8
23.b3 Qd7 24.a4 Nf8 25.Bb4 Ne6 26.g4 Qf7 27.Rg1 Kh8 28.Raf1 Rad8 29.Rg3 Rd7
30.Kg1 g6 31.gxf5 Qxf5 32.Bg4 Qe4 33.Qxe4 dxe4 34.Bxe6 Rxe6 35.f5 gxf5 36.Rxf5 h6
37.Rf6 Bd5 38.Bf8 Rxf6 39.exf6 Be6 40.Kf2 Kh7 41.Be7 h5 42.b4 Rd5 43.Ke3 Rf5
44.Rg7+ Kh8 45.Kxe4 c6 46.Bd8 Rf2 47.Ke5 Re2+ 48.Kd6 Bb3 49.Rxb7 Rxh2 50.a5 bxa5
51.bxa5 Bc4 52.Rb4 Bf1 53.d5 cxd5 54.Rf4  1-0

[Event "Buenos Aires sim"]
[Site "Buenos Aires"]
[Date "1997.??.??"]
[Round "2"]
[White "German, Gustavo"]
[Black "Kasparov, Gary"]
[Result "1/2-1/2"]
[WhiteElo "2495"]
[BlackElo "2820"]

1.e4 c5 2.Nf3 d6 3.d4 cxd4 4.Nxd4 Nf6 5.Nc3 a6 6.Bc4 e6 7.Bb3 Nbd7 8.f4 Nc5
9.f5 Be7 10.O-O O-O 11.fxe6 fxe6 12.Nf5 Nxb3 13.Nxe7+ Qxe7 14.axb3 b5 15.Bf4 e5
16.Bg5 Bb7 17.Qd3 Qe6 18.Bxf6 Rxf6 19.Rxf6 Qxf6 20.Nd5 Qh4 21.Rd1 Rf8 22.Qe3 h6
23.h3 Bxd5 24.Rxd5 Rf4 25.Rxd6 Rxe4 26.Rd8+ Kh7 27.Qd3 Qe1+ 28.Kh2 Qe3 29.Qxe3 Rxe3
30.Rd6  1/2-1/2

[Event "Catonsville sim"]
[Site "Catonsville"]
[Date "1997.??.??"]
[Round "?"]
[White "Morrison, William"]
[Black "Kasparov, Gary"]
[Result "0-1"]
[WhiteElo "2390"]
[BlackElo "2795"]

1.e4 c5 2.Nf3 a6 3.d4 cxd4 4.Nxd4 Nf6 5.Nc3 e5 6.Nb3 d6 7.g3 Be7 8.Bg2 Nbd7
9.O-O O-O 10.a4 b6 11.f4 Bb7 12.g4 Rc8 13.g5 Ne8 14.Qg4 exf4 15.Bxf4 Ne5
16.Qg3 Ng6 17.Be3 d5 18.e5 Bb4 19.Bd4 Nc7 20.Bxb6 Qe7 21.Na2 Na8 22.Nxb4 Nxb6
23.c3 Nc4 24.Rf2 d4 25.Bxb7 Qxb7 26.Nxd4 Ncxe5 27.h4 Rc5 28.a5 Qc8 29.Nf5 Rc4
30.Qxe5 Rg4+ 31.Kf1 Nxe5 32.Ne7+ Kh8 33.Nxc8 Rxh4 34.Re1 Rh1+ 35.Ke2 Rxe1+
36.Kxe1 Rxc8 37.Nxa6 Rc5 38.Rf5 Rxa5 39.Kd1 g6 40.Rf6 Ng4 41.Rc6 Rxg5 42.Rc5 Rxc5
43.Nxc5 Kg8 44.b4 Kf8 45.Ke2 Ke7 46.b5 Ne5 47.Ke3 h5 48.Kd4 Nd7 49.Nd3 h4
50.Ke3 f5 51.Kf4 Kf6 52.c4 Ne5 53.Nb2  0-1

[Event "Catonsville sim"]
[Site "Catonsville"]
[Date "1997.??.??"]
[Round "?"]
[White "Kasparov, Gary"]
[Black "Atlas, Dimitry"]
[Result "1/2-1/2"]
[WhiteElo "2795"]
[BlackElo "2310"]

1.d4 e6 2.g3 Nf6 3.Bg2 d5 4.Nf3 Be7 5.O-O O-O 6.c4 c6 7.Qc2 b6 8.b3 a5 9.Nc3 Bb7
10.Bf4 Na6 11.Rad1 Ra7 12.Ne5 Ne8 13.e4 f6 14.Nf3 dxe4 15.Nxe4 Nd6 16.Rfe1 Re8
17.Nc3 Nb4 18.Qb1 Bf8 19.c5 Nf7 20.cxb6 Qxb6 21.d5 Nxd5 22.Na4 Qb4 23.Bd2 Qe7
24.Nd4 Qd7 25.Qc1 Ne5  1/2-1/2

[Event "El Pais sim"]
[Site "Madrid"]
[Date "1997.??.??"]
[Round "?"]
[White "Kasparov, Gary"]
[Black "Munoz, Luis Gerardo"]
[Result "1-0"]
[WhiteElo "2795"]
[BlackElo "2245"]

1.d4 Nf6 2.c4 g6 3.g3 Bg7 4.Bg2 O-O 5.Nc3 d6 6.Nf3 Nbd7 7.O-O e5 8.e4 c6
9.b3 Re8 10.h3 a6 11.d5 cxd5 12.cxd5 Nc5 13.Ne1 b5 14.b4 Ncd7 15.a4 bxa4
16.Rxa4 Nb6 17.Ra2 Bd7 18.Nc2 Qc8 19.Qd3 Bxh3 20.Ne3 Bd7 21.Bd2 Ng4 22.Nxg4 Bxg4
23.Rc1 Qb7 24.Rca1 Bc8 25.b5 axb5 26.Rxa8  1-0

[Event "El Pais sim"]
[Site "Madrid"]
[Date "1997.??.??"]
[Round "?"]
[White "Kasparov, Gary"]
[Black "Baches Garcia, Guillermo"]
[Result "1-0"]
[WhiteElo "2795"]
[BlackElo "2235"]

1.d4 Nf6 2.Nf3 g6 3.Bg5 Bg7 4.Nbd2 d6 5.e4 O-O 6.c3 Qe8 7.Be2 e5 8.dxe5 dxe5
9.O-O Nbd7 10.Qc2 Nc5 11.Rfe1 Ne6 12.Bh4 Nh5 13.Nc4 Nef4 14.Bf1 h6 15.a4 Kh8
16.a5 Rb8 17.b4 g5 18.Bg3 f5 19.Ne3 fxe4 20.Qxe4 Bd7 21.Rad1 Bc6 22.Qc4 a6
23.Ng4 e4 24.Nd4 Bd5 25.Qxc7 Rc8 26.Qb6 Rxc3 27.b5 axb5 28.Nxb5 Rb3 29.Qc5 Qf7
30.Nd6 Qe6 31.Rxd5 Qxd5 32.Qxd5 Nxd5 33.Bc4 Rd3 34.Bxd3 exd3 35.Rd1 Nhf4
36.Bxf4 Nxf4 37.g3 h5 38.gxf4 hxg4 39.fxg5 Bc3 40.Rxd3 Bxa5 41.Kg2 Bb6 42.Ne4 Re8
43.Nf6  1-0

[Event "Novgorod"]
[Site "Novgorod"]
[Date "1997.??.??"]
[Round "1"]
[White "Kasparov, Gary"]
[Black "Gelfand, Boris"]
[Result "1-0"]
[WhiteElo "2795"]
[BlackElo "2700"]

1.d4 Nf6 2.c4 e6 3.Nf3 b6 4.g3 Ba6 5.b3 d5 6.Bg2 dxc4 7.Ne5 Bb4+ 8.Kf1 Bd6
9.Nxc4 Nd5 10.e4 Ne7 11.Bb2 Nbc6 12.Nd2 O-O 13.Kg1 b5 14.Nxd6 cxd6 15.h4 Qb6
16.h5 h6 17.d5 Ne5 18.Nf1 b4 19.Bd4 Qa5 20.Ne3 Rac8 21.Rh4 Rc7 22.Qd2 Rc3
23.Bxc3 bxc3 24.Qd4 exd5 25.exd5 Qc7 26.Qd1 Rc8 27.Be4 Qb6 28.Rf4 Bb7 29.Rc1 Qa5
30.Rc2 Kh8 31.Bg2 Ba6 32.Ra4 Qb6 33.Nc4 Bxc4 34.bxc4 Nf5 35.Rxc3 Nd4 36.c5 Rxc5
37.Qxd4  1-0

[Event "Oakham sim"]
[Site "Oakham"]
[Date "1997.??.??"]
[Round "?"]
[White "Pert, Nicholas"]
[Black "Kasparov, Gary"]
[Result "0-1"]
[WhiteElo "2240"]
[BlackElo "2820"]

1.d4 Nf6 2.Nf3 g6 3.g3 Bg7 4.Bg2 d5 5.O-O O-O 6.c4 dxc4 7.Na3 c3 8.bxc3 c5
9.e3 Nc6 10.Qe2 Bf5 11.Bb2 e5 12.Nxe5 Nxe5 13.dxe5 Bd3 14.Qd1 Bxf1 15.exf6 Qxd1
16.Rxd1 Bxg2 17.fxg7 Rfd8 18.Rxd8+ Rxd8 19.Kxg2 Rd2 20.Bc1 Rxa2 21.e4 Kxg7
22.Nb5 b6 23.Bf4 a6 24.Nc7 a5 25.Nd5 a4 26.Be5+ Kg8 27.Nxb6 a3 28.c4 Rc2
29.Kf3 a2 30.Ke3 Rc1 31.Kd2 Rf1 32.f4 Rf2+ 33.Kd3 Rxh2 34.Nd7 Rh3 35.Nxc5 Rxg3+
36.Kc2 h5 37.f5 f6 38.Bxf6 h4 39.Kb2 h3 40.Be5 h2 41.Bxg3 h1=Q 42.Kxa2 Qg2+
43.Kb3 Qxg3+ 44.Kb4  0-1

[Event "Oakham sim"]
[Site "Oakham"]
[Date "1997.??.??"]
[Round "?"]
[White "Garner, David"]
[Black "Kasparov, Gary"]
[Result "0-1"]
[WhiteElo "2110"]
[BlackElo "2820"]

1.e4 c5 2.c3 e6 3.d4 d5 4.exd5 exd5 5.Nf3 Bd6 6.dxc5 Bxc5 7.Bd3 Nf6 8.O-O O-O
9.h3 Nc6 10.Nbd2 Bb6 11.Nb3 Ne4 12.Nbd4 Qf6 13.Be3 Re8 14.Re1 Bd7 15.Nxc6 bxc6
16.Bxb6 axb6 17.Bxe4 dxe4 18.Qxd7 Red8 19.Qg4 exf3 20.Qxf3 Qxf3 21.gxf3 g6
22.Re2 Ra5 23.Kh2 Rd3 24.a3 Rxf3 25.Rg1 Raf5 26.Rg2 Kg7 27.Rd2 b5 28.Rc2 R5f4
29.Rd2 h5 30.Re2 h4 31.Rd2 f6 32.Re2 g5 33.Rd2 Kg6 34.Re2 c5 35.Rd2 c4 36.Rd5 Rf5
37.Rd2 Rd3 38.Re2  0-1

[Event "Oakham sim"]
[Site "Oakham"]
[Date "1997.??.??"]
[Round "?"]
[White "Kasparov, Gary"]
[Black "Lee, Graham D"]
[Result "1-0"]
[WhiteElo "2820"]
[BlackElo "2350"]

1.c4 Nf6 2.Nc3 c5 3.Nf3 e6 4.g3 b6 5.Bg2 Bb7 6.O-O a6 7.Re1 d6 8.e4 Qc7 9.d4 cxd4
10.Nxd4 Be7 11.Be3 O-O 12.Rc1 Re8 13.f4 g6 14.g4 Bf8 15.g5 Nfd7 16.Nde2 Nc6
17.Ng3 Qb8 18.a3 Na5 19.Bf1 Qc7 20.Nb1 Nc6 21.Nc3 Na5 22.b3 Rac8 23.Bg2 Bg7
24.Nb1 Qb8 25.Bf1 Nc6 26.b4 Na7 27.Qd2 Red8 28.Nc3 Nc6 29.Red1 Bf8 30.Qf2 Ba8
31.Rc2 a5 32.b5 Ne7 33.Rcd2 d5 34.f5 gxf5 35.exf5 e5 36.Nxd5 Nxd5 37.cxd5 Bxa3
38.Ne4 Bb4 39.Qh4 Bxd2 40.Rxd2 Nf8 41.Qh6 Bxd5 42.Nf6+ Kh8 43.Nh5  1-0

[Event "Tilburg Fontys"]
[Site "Tilburg"]
[Date "1997.??.??"]
[Round "6"]
[White "Kasparov, Gary"]
[Black "Leko, Peter"]
[Result "1-0"]
[WhiteElo "2820"]
[BlackElo "2635"]

1.e4 e5 2.Nf3 Nc6 3.d4 exd4 4.Nxd4 Bb4+ 5.c3 Bc5 6.Nxc6 bxc6 7.Bd3 Qh4 8.Qe2 Nf6
9.h3 O-O 10.g3 Qh5 11.g4 Qe5 12.g5 Nxe4 13.Bxe4 Re8 14.Bf3 Qxe2+ 15.Bxe2 Ba6
16.c4 Bxc4 17.Nc3 Rab8 18.Kf1 Be6 19.b3 f6 20.gxf6 Bd4 21.Bb2 Bxf6 22.Na4 Bh4
23.Nc5 Rf8 24.Rh2 Bxh3+ 25.Kg1 Rbe8 26.Nxd7 Bxf2+ 27.Rxf2 Bxd7 28.Bc4+ Be6
29.Rxf8+ Kxf8 30.Rf1+ Ke7 31.Bxe6  1-0

[Event "Tilburg Fontys"]
[Site "Tilburg"]
[Date "1997.??.??"]
[Round "8"]
[White "Kasparov, Gary"]
[Black "Piket, Jeroen"]
[Result "1-0"]
[WhiteElo "2820"]
[BlackElo "2630"]

1.d4 d5 2.c4 dxc4 3.e3 Nf6 4.Bxc4 e6 5.Nf3 c5 6.O-O a6 7.Bb3 b5 8.a4 b4 9.Nbd2 Bb7
10.e4 cxd4 11.e5 Nd5 12.Nc4 Nc6 13.Bg5 Qd7 14.Rc1 h6 15.Bh4 Bc5 16.Nfd2 O-O
17.Ne4 Be7 18.Bg3 Qd8 19.Ncd6 Na5 20.Bc2 b3 21.Bb1 Qb6 22.Qd3 g6 23.Nc5 Bc8
24.h4 Nc6 25.a5 Qxa5 26.Nxf7 Rxf7 27.Qxg6+ Kf8 28.Nxe6+ Bxe6 29.Rxc6 Bd7
30.Qxh6+  1-0

[Event "Tilburg Fontys"]
[Site "Tilburg"]
[Date "1997.??.??"]
[Round "10"]
[White "Kasparov, Gary"]
[Black "Kramnik, Vladimir"]
[Result "1/2-1/2"]
[WhiteElo "2820"]
[BlackElo "2770"]

1.d4 Nf6 2.c4 e6 3.Nc3 Bb4 4.Qc2 c5 5.dxc5 O-O 6.a3 Bxc5 7.Nf3 Nc6 8.Bg5 Nd4
9.Nxd4 Bxd4 10.e3 Qa5 11.exd4 Qxg5 12.Qd2 Qxd2+ 13.Kxd2 b6 14.b4 d6 15.Bd3 Rd8
16.f3 h5 17.h4 Kf8 18.Rhe1 Bd7 19.Rab1 Rac8 20.Rec1 e5 21.Nb5 Bxb5 22.cxb5 exd4
23.Rc6 Nd5 24.Rbc1 Rxc6 25.bxc6 Nc7 26.Re1 Re8 27.f4 Rxe1 28.Kxe1 Ke7 29.Be2 g6
30.f5 Kf6 31.fxg6 fxg6 32.Kd2 Kf5 33.g3 Ke4 34.a4 Na8 35.Bd3+  1/2-1/2

[Event "Sofia m 25'"]
[Site "Sofia"]
[Date "1998.05.03"]
[Round "3"]
[White "Topalov, Veselin"]
[Black "Kasparov, Gary"]
[Result "0-1"]
[WhiteElo "2740"]
[BlackElo "2825"]

1.Nf3 d5 2.d4 Nf6 3.c4 e6 4.Nc3 Be7 5.Bg5 O-O 6.e3 h6 7.Bh4 b6 8.Be2 Bb7
9.Bxf6 Bxf6 10.cxd5 exd5 11.b4 c5 12.bxc5 bxc5 13.Rb1 Bc6 14.O-O Nd7 15.Bb5 Qc7
16.Qd3 Rfc8 17.h3 cxd4 18.Nxd4 Bb7 19.Rfc1 Nc5 20.Qd1 Qe7 21.Qg4 g6 22.Bf1 Bg7
23.Qd1 Rab8 24.Rc2 Ba8 25.Rbc1 Rd8 26.g3 Bxd4 27.exd4 Ne6 28.h4 Qf6 29.Ne2 Rb4
30.Rc8 Bb7 31.Rxd8+ Nxd8 32.Qd2 Ra4 33.Qxh6 Rxa2 34.Qe3 Ne6 35.Rb1 Bc6 36.Qh6 Qd8
37.Qe3 Qf6 38.Qb3 Rd2 39.Qe3 Nxd4 40.Nf4 Qe5 41.Qa3 Kg7 42.Rc1 Bb5 43.Rc8 Be8
44.Qc3 Bd7 45.Rd8 Rd1 46.Rxd7 Qe4 47.Rxd5 Rxf1+  0-1

[Event "ISR-Kasparov handicap"]
[Site "Tel Aviv"]
[Date "1998.05.19"]
[Round "1.1"]
[White "Kasparov, Gary"]
[Black "Alterman, Boris"]
[Result "1/2-1/2"]
[WhiteElo "2825"]
[BlackElo "2615"]

1.e4 c5 2.Nf3 Nc6 3.d4 cxd4 4.Nxd4 g6 5.c4 Nf6 6.Nc3 d6 7.f3 Nxd4 8.Qxd4 Bg7
9.Be3 O-O 10.Qd2 a5 11.Be2 a4 12.O-O Qa5 13.Rac1 Bd7 14.c5 Bc6 15.cxd6 Rfd8
16.Nb1 Qxd2 17.Nxd2 exd6 18.Nc4 d5 19.Nb6 Ra5 20.e5 Nd7 21.f4 Nf8 22.Bd2 Ra7
23.Be3 Ra5 24.Bd2 Ra7 25.Be3  1/2-1/2